Municípios da Região Metropolitana de Chapecó (SC) no mapa - Statistics

Estatísticas Gerais
  • Esse quiz foi jogado 66 vezes
  • A pontuação média é 17 de 32
Respostas no mapa
Respostas codificadas por cores de uma escala verde-vermelha no mapa do quiz de acordo com a % correta abaixo.
 
Estatísticas das Respostas
Município % Correto
Chapecó
100%
Xanxerê
93%
Xaxim
85%
Águas de Chapecó
73%
Seara
65%
Faxinal dos Guedes
63%
Itá
63%
Pinhalzinho
58%
Coronel Freitas
55%
Nova Erechim
55%
Ponte Serrada
55%
São Carlos
55%
Xavantina
55%
Águas Frias
53%
Cordilheira Alta
53%
Guatambú
53%
Quilombo
53%
Caxambu do Sul
50%
Palmitos
50%
Nova Itaberaba
48%
Vargeão
48%
Arvoredo
45%
Paial
45%
Saudades
45%
Planalto Alegre
43%
Cunhataí
40%
Marema
40%
União do Oeste
40%
Passos Maia
35%
Serra Alta
35%
Sul Brasil
35%
Lajeado Grande
28%
Nenhum quiz correspondente encontrado
Distribuição das Pontuações
Porcentagem de Pessoas com Cada Pontuação
Percentil de Números Respondidos
Sua Pontuação Histórica
Você não jogou esse quiz